Business and biodiversity : (Registro nro. 376)
[ vista simple ]
| 000 -CABECERA | |
|---|---|
| Campo de control | 01624cam a2200373 a 4500 |
| 005 - FECHA Y HORA DE LA ULTIMA TRANSACCION | |
| Campo de control | 20200104041510.0 |
| 008 - ELEMENTOS DE LONGITUD FIJA—INFORMACION GENERAL | |
| Campo de control | 980114s1997 sz a frb i000 0 eng |
| 020 ## - ISBN | |
| ISBN | 2831704049 |
| 040 ## - FUENTE DE CATALOGACIÓN | |
| Agencia catalogadora original | DLC |
| Agencia transcriptora | DLC |
| Agencia Modificadora | DLC |
| -- | CO-BoIAVH |
| 041 0# - IDIOMA | |
| Código de idioma para texto/pista de sonido o título separado | Inglés |
| 044 ## - PAÍS DE PUBLICACIÓN | |
| País de publicación | Suiza |
| 082 00 - NUMERO DE CLASIFICACION DECIMAL DEWEY | |
| Número de clasificación | 333.9516 |
| Número del ítem | S87b |
| 100 1# - ASIENTO PRINCIPAL--NOMBRE PERSONAL | |
| Nombre personal | Stone, R. David. |
| 9 (RLIN) | 62337 |
| 245 10 - MENCION DE TITULO | |
| Título | Business and biodiversity : |
| Parte restante del título | a guide for the private sector. |
| 260 ## - PUBLICACION, DISTRIBUCION, ETC. (PIE DE IMPRENTA) | |
| Lugar de publicación, distribución, etc. | Geneva, Switzerland : |
| Nombre del editor, distribuidor, etc. | World Business Council for Sustainable Development ; |
| Lugar de publicación, distribución, etc. | Gland, Switzerland : |
| Nombre del editor, distribuidor, etc. | IUCN--the World Conservation Union, |
| Fecha de publicación, distribución, etc. | c1997. |
| 300 ## - DESCRIPCION FISICA | |
| Extensión | 64 páginas : |
| Otros detalles físicos | Ilustraciones ; |
| Dimensiones | 24 x 18 cm. |
| 500 ## - NOTA GENERAL | |
| Nota general | "This report was compiled for IUCN and WBCSD by: David Stone, Kristina Ringwood, Frank Vorhies"--T.p. verso. |
| 500 ## - NOTA GENERAL | |
| Nota general | "Este informe fue elaborado por la UICN y el WBCSD por: David Stone, Kristina Ringwood, Frank Vorhies" - T.p. verso. |
| 500 ## - NOTA GENERAL | |
| Nota general | "June 1997"--T.p. verso. |
| 500 ## - NOTA GENERAL | |
| Nota general | "Junio 1997"--T.p. verso. |
| 504 ## - NOTA DE BIBLIOGRAFIA, ETC. | |
| Nota de bibliografía | Incluye referencias bibliográficas: página 63. |
| 650 #0 - ASIENTO SECUNDARIO DE MATERIA - TERMINO TEMATICO | |
| Término temático o nombre geográfico como elemento de entrada | Biodiversity conservation. |
| 9 (RLIN) | 62338 |
| 650 #0 - ASIENTO SECUNDARIO DE MATERIA - TERMINO TEMATICO | |
| Término temático o nombre geográfico como elemento de entrada | Biodiversity conservation |
| Subdivisión general | Economic aspects. |
| 9 (RLIN) | 62339 |
| 650 #0 - ASIENTO SECUNDARIO DE MATERIA - TERMINO TEMATICO | |
| Término temático o nombre geográfico como elemento de entrada | Sustainable development. |
| 9 (RLIN) | 62340 |
| 650 #0 - ASIENTO SECUNDARIO DE MATERIA - TERMINO TEMATICO | |
| Término temático o nombre geográfico como elemento de entrada | Business. |
| 9 (RLIN) | 62341 |
| 650 16 - ASIENTO SECUNDARIO DE MATERIA - TERMINO TEMATICO | |
| Término temático o nombre geográfico como elemento de entrada | Biología de la conservación |
| 9 (RLIN) | 3740 |
| 650 26 - ASIENTO SECUNDARIO DE MATERIA - TERMINO TEMATICO | |
| Término temático o nombre geográfico como elemento de entrada | Aspectos económicos |
| 9 (RLIN) | 62343 |
| 650 26 - ASIENTO SECUNDARIO DE MATERIA - TERMINO TEMATICO | |
| Término temático o nombre geográfico como elemento de entrada | Desarrollo sostenible |
| 9 (RLIN) | 278 |
| 700 1# - ASIENTO SECUNDARIO - NOMBRE PERSONAL | |
| Nombre personal | Ringwood, Kristina. |
| 9 (RLIN) | 7554 |
| 700 1# - ASIENTO SECUNDARIO - NOMBRE PERSONAL | |
| Nombre personal | Vorhies, Frank. |
| 9 (RLIN) | 7555 |
| 710 2# - ASIENTO SECUNDARIO - NOMBRE CORPORATIVO | |
| Nombre corporativo o de jurisdicción como elemento de entrada | World Business Council for Sustainable Development. |
| 9 (RLIN) | 17703 |
| 710 2# - ASIENTO SECUNDARIO - NOMBRE CORPORATIVO | |
| Nombre corporativo o de jurisdicción como elemento de entrada | International Union for Conservation of Nature and Natural Resources. |
| 9 (RLIN) | 62345 |
| 942 ## - ELEMENTOS ADICIONALES (KOHA) | |
| Sistema de clasificación | Dewey Decimal Classification |
| Tipo de ítem | Libro |
| Withdrawn status | Lost status | Sistema de Clasificación | Damaged status | No para préstamo | Colección | Inventariado | Ubicación Permanente | Ubicación actual | Fecha de adquisición | Fuente de Valor | Valor | Total Checkouts | Número topográfico | Inventario / Código de Barras | Date last seen | Ejemplar | Price effective from | Forma de adquisición | Tipo de material |
|---|---|---|---|---|---|---|---|---|---|---|---|---|---|---|---|---|---|---|---|
| Dewey Decimal Classification | General | Inventariado 2017 | Bogotá | Bogotá | 01/02/1998 | Instituto | 39000.00 | LB-333.9516 S87b | 000524 | 04/12/2012 | Ej. 1 | 04/12/2012 | Libro | ||||||
| Dewey Decimal Classification | General | Inventariado 2017 | Sala Fabio Quevedo | Sala Fabio Quevedo | 01/02/1998 | Instituto | 39000.00 | LB-333.9516 S87b | 000523 | 04/12/2012 | Ej. 1 | 04/12/2012 | Donación | Libro |